les chanteurs des années 80 part 2 - Statistiques

Statistiques générales
  • Ce quiz a été pris 126 fois
  • Le résultat moyen est 11 sur 15
Statistiques - réponses
Hint Réponse % Correct
Mon fils ma bataille, L’aziza Daniel Balavoine
99%
Désenchantée, Sans contrefaçon Mylène Farmer
97%
Casser la voix, Qui a le droit Patrick Bruel
95%
Elle a les yeux revolver, Le parking des anges Marc Lavoine
94%
Joe le taxi, Marilyn & John Vanessa Paradis
93%
Le Bal Masqué, Ça fait rire les oiseaux La Compagnie créole
87%
Chanter pour ceux qui sont loin de chez eux, La groupie du pianiste Michel Berger
86%
Take On Me A-ha
78%
Marcia Baïla Rita Mitsouko
75%
The Final Countdown Europe
67%
Femme libérée Cookie Dingler
65%
Macumba Jean-Pierre Mader
65%
Vertige de l’amour, gaby oh gaby Alain Bashung
59%
Quand je t'aime Demis Roussos
48%
Comanchero Moon Ray
14%
Aucun quiz correspondant
Distribution des résultats
% des personnes avec chaque résultat
Percentile par nombre de réponses
Votre historique - résultats
Vous n’avez pas pris ce quiz